000
00330nam a22001457a 4500
999
_c
9196
_d
9196
003
OSt
008
201119b ||||| |||| 00| 0 eng d
100
_a
Rastogi, Deepali
245
_a
Textile Science
250
_a
1st
260
_a
New Delhi
_b
Oxford
_c
2019
300
_a
338
650
_a
B.A Hons. Fashion
942
_2
ddc
_c
BK
_0
10